K diplomatickým vzťahom medzi Slovenskom a Francúzskom v rokoch druhej svetovej vojny

Bibliographic Details
Main Author: Petruf, Pavol, 1946- (Author)
Format: Article
Language:Slovak
PhysicalDescription:Lit. v pozn.
ISBN:809671502X
Subjects:

MARC

LEADER 00000nab a2200000 a 4500
001 vtls000623540
003 SK-MaSNL
005 20260426073932.0
008 201103c1994 xo 0 slo
015 |a SNBRA19rr/mm-uuuuu 
035 |a CL0623679 
040 |a SNKBUCL  |b slo  |c SNKBUCL  |e AACR2 
041 0 |a slo 
044 |a xo  |c SK 
080 |a 943.76"1939/1945":944"1939/1945":341.7  |2 1981 
080 |a 944"1939/1945"  |2 1981 
080 |a 341.7(437.6)"1939/1945"  |2 1981 
080 |a 341.7(44)"1939/1945"  |2 1981 
100 1 |a Petruf, Pavol,  |d 1946-  |4 aut  |9 102871 
245 1 0 |a K diplomatickým vzťahom medzi Slovenskom a Francúzskom v rokoch druhej svetovej vojny  |c Pavol Petruf 
300 |b Lit. v pozn. 
651 7 |a Slovensko  |2 SNKPHgeo  |9 14231 
651 7 |a Francúzsko  |2 snkbucl  |9 15907 
655 7 |a články zo zborníkov  |2 snkbucl  |9 166140 
773 0 |z 809671502X  |t Stredná a juhovýchodná Európa v politike veľmocí  |d Bratislava : Historický ústav SAV, 1994  |g S. 59-69 
850 |a Slovenská národná knižnica v Martine  |a MTA001 
852 |a SNK  |b KIS3GCP 
958 |a SK 
958 |a FR 
958 |a NB 
958 |a NX 
958 |a RK 
958 |a RZB 
999 |c 2720213  |d 2722143